Southville International School and Colleges
Your cart is empty.
  • Cart
  • Lists
    Public lists Eva Luna New books Lux_list list_1
    Your lists Log in to create your own lists
  • Log in to your account
  • Your cookies
  • Search history
Southville International School and Colleges
  • Advanced search
  • Recent comments
  • Most popular
  • Libraries

Log in to your account

Log in with GOOGLE


If you do not have an external account, but do have a local account, you can still log in:

  1. Home
  2. MARC view: Biology : life on Earth /
Normal view MARC view ISBD view

Biology : life on Earth / (Record no. 10414)

[ view plain ]
MARC details
000 -LEADER
fixed length control field 00510nam a22001817a 4500
003 - CONTROL NUMBER IDENTIFIER
control field SISC
005 - DATE AND TIME OF LATEST TRANSACTION
control field 20160216090525.0
008 - FIXED-LENGTH DATA ELEMENTS--GENERAL INFORMATION
fixed length control field 130905t xxu||||| |||| 00| 0 eng d
020 ## - INTERNATIONAL STANDARD BOOK NUMBER
International Standard Book Number 9780131272057
050 ## - LIBRARY OF CONGRESS CALL NUMBER
Classification number QH 308.2
Item number .Au23 2006
082 ## - DEWEY DECIMAL CLASSIFICATION NUMBER
Classification number HS 574
Item number Au2 2005
245 ## - TITLE STATEMENT
Title Biology : life on Earth /
Statement of responsibility, etc Teresa Audesirk,
260 ## - PUBLICATION, DISTRIBUTION, ETC. (IMPRINT)
Place of publication, distribution, etc Upper Saddle River, N.J. :
Name of publisher, distributor, etc Pearson Education,
Date of publication, distribution, etc c2005.
300 ## - PHYSICAL DESCRIPTION
Extent 895 p. :
Other physical details ill. ;
Dimensions 28 cm.
650 ## - SUBJECT ADDED ENTRY--TOPICAL TERM
Topical term or geographic name as entry element Biology
9 (RLIN) 1448
942 ## - ADDED ENTRY ELEMENTS (KOHA)
Source of classification or shelving scheme Library of Congress Classification
Koha item type Books
Holdings
Withdrawn status Lost status Source of classification or shelving scheme Damaged status Home library Current library Shelving location Date acquired Total Checkouts Full call number Barcode Date last seen Date checked out Copy number Price effective from Koha item type
    Library of Congress Classification   Luxembourg Library Luxembourg Library High School Section 09/05/2013 1 QH 308.2 .Au23 2006 14844 01/04/2019 12/05/2018 1 09/05/2013 Books

Biology : life on Earth /

APA

(2005). Biology : life on Earth. Upper Saddle River, N.J: Pearson Education.

Chicago

2005. Biology : life on Earth. Upper Saddle River, N.J: Pearson Education.

Harvard

(2005). Biology : life on Earth. Upper Saddle River, N.J: Pearson Education.

MLA

Biology : life on Earth. Upper Saddle River, N.J: Pearson Education. 2005.

  • Place hold
  • Print
  • Cite
  • Add to your cart (remove)
  • Save record
    BIBTEX Dublin Core MARCXML MARC (non-Unicode/MARC-8) MARC (Unicode/UTF-8) MARC (Unicode/UTF-8, Standard) MODS (XML) RIS
  • More searches
    Search for this title in:
    Other Libraries (WorldCat) Other Databases (Google Scholar) Online Stores (Bookfinder.com) Open Library (openlibrary.org)

Exporting to Dublin Core...

SOUTHVILLE LIBRARY

Southville International School and Colleges Library

1281 Tropical Ave. Cor. Luxembourg St., BF Homes International, Las Pinas City

Tel. No. 8256374 / 252358 Loc. 117/146

Powered by Koha